| 000 | 00362nam a22001337a 4500 | ||
|---|---|---|---|
| 020 | _a9781617296192 | ||
| 040 | _cNUST | ||
| 082 | _a006.37 ELG | ||
| 100 |
_aElgendy, Mohamed _998774 |
||
| 245 | _aDeep Learning for Vision Systems | ||
| 260 |
_aShelter Island: _bManning Publications, _c2020. |
||
| 650 |
_a Computer vision.NUSTTB2022 _9102821 |
||
| 942 |
_2ddc _cBK |
||
| 999 |
_c591356 _d591356 |
||